| 000 | 00732nam a22002297a 4500 | ||
|---|---|---|---|
| 999 |
_c20419 _d20419 |
||
| 003 | AR-CdUCM | ||
| 008 | 190530b ||||| |||| 00| 0 spa d | ||
| 040 |
_aMUNICIPALIDAD PROVINCIAL DEL CUSCO _cBIBLIOTECA MUNICIPAL DEL CUSCO |
||
| 082 |
_a843 / _bR84 |
||
| 100 |
_aRostand, Maurice _942687 |
||
| 245 |
_aEl hombre que yo maté : _bnovela / |
||
| 260 |
_aChile : _bCultura, _c1934. |
||
| 300 |
_a69 páginas ; _c18 cm. |
||
| 440 |
_aObras maestras _n8 _942688 |
||
| 505 | _aContenido: Novela. | ||
| 650 |
_aNovela _95 |
||
| 650 |
_aLiteratura latinoamericana _91143 |
||
| 700 |
_aMeza T., Julio (traducción) _929351 |
||
| 700 |
_aAlvarez C., Guillermo (traducción) _942689 |
||
| 942 |
_2ddc _cLIBROS |
||
| 945 |
_adavv _d2019-05-30 |
||